| 000 | 00623nam a2200229 i 4500 | ||
|---|---|---|---|
| 001 | bg | ||
| 100 | 1 | _aSENCZYK, Dominik | |
| 245 | 1 | 0 |
_aPolikrystaliczny dyfraktometr rentgenowski / _cDominik Senczyk. |
| 260 |
_aPoznań : _bWydaw. Politechniki Poznańskiej, _c1999. |
||
| 300 | _a258 s. | ||
| 504 | _aBibliogr. s. 245-258. | ||
| 650 | 9 |
_aKrystalografia _xzagadnienia |
|
| 650 | 9 |
_aRentgenografia _xstosowanie |
|
| 650 | 9 | _aDyfraktometr | |
| 020 | _a8371434561 | ||
| 040 | _cBPK | ||
| 041 | 0 | _apl | |
| 080 | _a621.386:548 | ||
| 920 | _a83-7143-456-1 | ||
| 942 | _cKS | ||
| 008 | s pl f |000 0 pol | ||
| 999 |
_c37974 _d37974 |
||
| 856 |
_uhttp://koha.tu.koszalin.pl/cgi-bin/koha/opac-detail.pl?biblionumber=37974 _yKatalog online BPK |
||